[Event "ABC 2025 Groep C"]
[Site "Utrecht"]
[Date "2025.03.15"]
[Round "3.4"]
[White "Margaryan, Aren"]
[Black "Langeveld, Jonathan"]
[Result "1-0"]
[WhiteFideId "8994645"]
[BlackFideId "8860313"]
[WhiteElo "1889"]
[BlackElo "1791"]

1. e4 {[%clk 00:55:18]} {[%emt 00:00:03]} d5 {[%clk 00:55:16]} {[%emt
00:00:04]} 2. exd5 {[%clk 00:55:18]} {[%emt 00:00:11]} Nf6 {[%clk 00:55:19]}
{[%emt 00:00:05]} 3. d4 {[%clk 00:55:18]} {[%emt 00:00:10]} Bg4 {[%clk
00:55:24]} {[%emt 00:00:07]} 4. Ne2 {[%clk 00:55:14]} {[%emt 00:00:14]} Qxd5
{[%clk 00:55:19]} {[%emt 00:00:15]} 5. Nbc3 {[%clk 00:55:04]} {[%emt 00:00:22]}
Qh5 {[%clk 00:55:15]} {[%emt 00:00:11]} 6. Qd3 {[%clk 00:54:08]} {[%emt
00:01:04]} c6 {[%clk 00:54:42]} {[%emt 00:00:47]} 7. Ng3 {[%clk 00:53:36]}
{[%emt 00:00:39]} Qg6 {[%clk 00:54:43]} {[%emt 00:00:11]} 8. h3 {[%clk
00:53:17]} {[%emt 00:00:29]} Bh5 {[%clk 00:53:34]} {[%emt 00:01:19]} 9. Bf4
{[%clk 00:49:28]} {[%emt 00:03:59]} Nbd7 {[%clk 00:53:01]} {[%emt 00:00:44]} 10.
Nxh5 {[%clk 00:48:43]} {[%emt 00:00:54]} Nxh5 {[%emt 00:00:22]} 11. Bh2 {[%clk
00:48:03]} {[%emt 00:00:47]} Qe6+ {[%clk 00:50:38]} {[%emt 00:02:25]} 12. Be2
{[%clk 00:47:12]} {[%emt 00:01:00]} Nhf6 {[%clk 00:50:27]} {[%emt 00:00:20]} 13.
O-O {[%clk 00:44:27]} {[%emt 00:02:57]} g6 {[%clk 00:49:58]} {[%emt 00:00:39]}
14. Rfe1 {[%clk 00:44:11]} {[%emt 00:00:25]} Qf5 {[%clk 00:49:12]} {[%emt
00:00:56]} 15. Qd2 {[%clk 00:42:53]} {[%emt 00:01:28]} h5 {[%clk 00:49:01]}
{[%emt 00:00:21]} 16. Bd3 {[%clk 00:42:44]} {[%emt 00:00:19]} Qa5 {[%clk
00:49:07]} {[%emt 00:00:04]} 17. Bd6 {[%clk 00:35:36]} {[%emt 00:07:17]} e6
{[%clk 00:48:39]} {[%emt 00:00:40]} 18. b4 {[%clk 00:35:10]} {[%emt 00:00:36]}
Qd8 {[%clk 00:48:32]} {[%emt 00:00:16]} 19. Bxf8 {[%clk 00:34:34]} {[%emt
00:00:46]} Kxf8 {[%clk 00:48:36]} {[%emt 00:00:07]} 20. Ne2 {[%clk 00:33:52]}
{[%emt 00:00:49]} Nb6 {[%clk 00:46:02]} {[%emt 00:02:47]} 21. c3 {[%clk
00:31:25]} {[%emt 00:02:35]} Nbd5 {[%clk 00:45:54]} {[%emt 00:00:19]} 22. c4
{[%clk 00:31:07]} {[%emt 00:00:28]} Nc7 {[%clk 00:45:56]} {[%emt 00:00:08]} 23.
Qf4 {[%clk 00:30:47]} {[%emt 00:00:29]} b5 {[%clk 00:44:49]} {[%emt 00:01:19]}
24. Be4 {[%clk 00:29:26]} {[%emt 00:01:28]} bxc4 {[%clk 00:43:41]} {[%emt
00:01:21]} 25. Bxc6 {[%clk 00:29:06]} {[%emt 00:00:30]} Ncd5 {[%clk 00:43:46]}
{[%emt 00:00:05]} 26. Qe5 {[%clk 00:28:22]} {[%emt 00:00:52]} Rc8 {[%clk
00:43:21]} {[%emt 00:00:35]} 27. b5 {[%clk 00:28:11]} {[%emt 00:00:23]} Qc7
{[%clk 00:38:19]} {[%emt 00:05:11]} 28. Rec1 {[%clk 00:26:42]} {[%emt
00:01:37]} Kg7 {[%clk 00:34:49]} {[%emt 00:03:43]} 29. Rxc4 {[%clk 00:25:30]}
{[%emt 00:01:20]} Qxe5 {[%clk 00:33:43]} {[%emt 00:01:18]} 30. dxe5 {[%clk
00:25:34]} {[%emt 00:00:06]} Nd7 {[%clk 00:33:48]} {[%emt 00:00:04]} 31. Rac1
{[%clk 00:24:32]} {[%emt 00:01:12]} N5b6 {[%clk 00:32:45]} {[%emt 00:01:14]} 32.
Re4 {[%clk 00:23:38]} {[%emt 00:01:04]} Nb8 {[%clk 00:31:44]} {[%emt 00:01:10]}
33. a4 {[%clk 00:23:34]} {[%emt 00:00:15]} Rc7 {[%clk 00:31:29]} {[%emt
00:00:25]} 34. Rb4 {[%clk 00:21:58]} {[%emt 00:01:43]} Nxc6 {[%clk 00:28:15]}
{[%emt 00:03:27]} 35. bxc6 {[%clk 00:21:33]} {[%emt 00:00:35]} Rhc8 {[%clk
00:28:15]} {[%emt 00:00:10]} 36. Nd4 {[%clk 00:21:09]} {[%emt 00:00:33]} Nd5
{[%clk 00:26:58]} {[%emt 00:01:27]} 37. Rb5 {[%clk 00:20:45]} {[%emt 00:00:30]}
a6 {[%clk 00:26:45]} {[%emt 00:00:28]} 38. Rb3 {[%clk 00:20:02]} {[%emt
00:00:47]} Kf8 {[%clk 00:25:40]} {[%emt 00:01:20]} 39. a5 {[%clk 00:19:26]}
{[%emt 00:00:47]} Ke7 {[%clk 00:24:35]} {[%emt 00:01:14]} 40. Rb6 {[%clk
00:18:39]} {[%emt 00:00:57]} Nf4 {[%clk 00:23:57]} {[%emt 00:00:48]} 41. Rxa6
{[%clk 00:17:12]} {[%emt 00:01:37]} Nd3 {[%clk 00:24:00]} {[%emt 00:00:07]} 42.
Rc4 {[%clk 00:15:00]} {[%emt 00:02:18]} Nxe5 {[%clk 00:24:01]} {[%emt
00:00:13]} 43. Rc3 {[%clk 00:14:51]} {[%emt 00:00:13]} g5 {[%clk 00:21:04]}
{[%emt 00:03:13]} 44. g3 {[%clk 00:14:01]} {[%emt 00:01:01]} g4 {[%clk
00:20:39]} {[%emt 00:00:34]} 45. hxg4 {[%clk 00:12:49]} {[%emt 00:01:22]} hxg4
{[%clk 00:20:44]} {[%emt 00:00:05]} 46. Kf1 {[%clk 00:12:40]} {[%emt 00:00:19]}
f5 {[%clk 00:16:16]} {[%emt 00:04:39]} 47. Rb6 {[%clk 00:12:01]} {[%emt
00:00:48]} Kf6 {[%clk 00:15:55]} {[%emt 00:00:32]} 48. a6 {[%clk 00:11:38]}
{[%emt 00:00:33]} Nf3 {[%clk 00:15:50]} {[%emt 00:00:15]} 49. Nb5 {[%clk
00:10:08]} {[%emt 00:01:40]} Rh7 {[%clk 00:15:44]} {[%emt 00:00:15]} 50. c7
{[%clk 00:08:46]} {[%emt 00:01:32]} Rh1+ {[%clk 00:15:37]} {[%emt 00:00:17]} 51.
Ke2 {[%clk 00:08:50]} {[%emt 00:00:07]} Re1+ {[%clk 00:14:12]} {[%emt
00:01:35]} 52. Kd3 {[%clk 00:08:51]} {[%emt 00:00:09]} Rd1+ {[%clk 00:13:30]}
{[%emt 00:00:51]} 53. Kc2 {[%clk 00:08:36]} {[%emt 00:00:23]} Rd2+ {[%clk
00:10:54]} {[%emt 00:02:49]} 54. Kb3 {[%clk 00:08:33]} {[%emt 00:00:11]} Rd1
{[%clk 00:10:36]} {[%emt 00:00:25]} 55. Rb8 {[%clk 00:06:59]} {[%emt 00:01:49]}
Rb1+ {[%clk 00:08:45]} {[%emt 00:02:01]} 56. Ka2 {[%clk 00:06:55]} {[%emt
00:00:14]} Nd2 {[%clk 00:08:26]} {[%emt 00:00:29]} 57. Rxc8 {[%clk 00:06:38]}
{[%emt 00:00:27]} Rxb5 {[%clk 00:08:31]} {[%emt 00:00:05]} 58. Rf8+ {[%clk
00:06:31]} {[%emt 00:00:17]} Ke7 {[%clk 00:08:28]} {[%emt 00:00:13]} 59. c8=Q
{[%clk 00:06:18]} {[%emt 00:00:22]} Ra5+ {[%clk 00:08:33]} {[%emt 00:00:06]} 60.
Ra3 {[%clk 00:06:26]} {[%emt 00:00:01]} 1-0

[Event "ABC 2025 Groep C"]
[Site "Utrecht"]
[Date "2025.03.15"]
[Round "3.5"]
[White "Kakrana, Reyansh"]
[Black "Seth, Aakrit"]
[Result "1-0"]
[WhiteFideId "8853900"]
[BlackFideId "9032397"]
[WhiteElo "1785"]
[BlackElo "1887"]

1. e4 {[%emt 00:01:03]} c5 {[%emt 00:00:04]} 2. c3 {[%emt 00:00:04]} g6 {[%emt
00:00:08]} 3. d4 {[%emt 00:00:06]} cxd4 {[%emt 00:00:04]} 4. cxd4 {[%emt
00:00:05]} d5 {[%emt 00:00:07]} 5. e5 {[%emt 00:00:09]} Bg7 {[%emt 00:00:19]} 6.
Nf3 {[%emt 00:00:23]} Bg4 {[%emt 00:00:06]} 7. Bb5+ {[%emt 00:00:32]} Nc6
{[%emt 00:00:24]} 8. Bxc6+ {[%emt 00:00:39]} bxc6 {[%emt 00:00:06]} 9. Nbd2
{[%emt 00:01:06]} Nh6 {[%emt 00:01:32]} 10. h3 {[%emt 00:01:14]} Bc8 {[%emt
00:00:40]} 11. O-O {[%emt 00:02:38]} O-O {[%emt 00:00:15]} 12. Nb3 {[%emt
00:05:09]} e6 {[%emt 00:02:25]} 13. Bd2 {[%emt 00:03:44]} Nf5 {[%emt 00:02:08]}
14. Ba5 {[%emt 00:02:39]} Qd7 {[%emt 00:02:45]} 15. Nc5 {[%emt 00:01:54]} Qe7
{[%emt 00:00:12]} 16. Rc1 {[%emt 00:04:04]} f6 {[%emt 00:03:56]} 17. Qa4 {[%emt
00:04:02]} Qe8 {[%emt 00:02:08]} 18. Rfe1 {[%emt 00:02:21]} fxe5 {[%emt
00:07:50]} 19. Nxe5 {[%emt 00:01:40]} Bxe5 {[%emt 00:00:53]} 20. Rxe5 {[%emt
00:00:36]} Nd6 {[%emt 00:06:51]} 21. Rce1 {[%emt 00:03:35]} Nc4 {[%emt
00:06:40]} 22. R5e2 {[%emt 00:00:28]} Rf6 {[%emt 00:00:43]} 23. b3 {[%emt
00:01:39]} Nd6 {[%emt 00:00:51]} 24. Rc2 {[%emt 00:08:40]} Nb5 {[%emt
00:05:01]} 25. Qb4 {[%emt 00:01:39]} Bd7 {[%emt 00:05:34]} 26. Rce2 {[%emt
00:02:22]} Nd6 {[%emt 00:02:10]} 27. Bc7 {[%emt 00:02:11]} Nb5 {[%emt
00:03:15]} 28. Be5 {[%emt 00:01:07]} Rf7 {[%emt 00:00:19]} 29. a4 {[%emt
00:01:01]} a5 {[%emt 00:00:11]} 30. Qd2 {[%emt 00:00:01]} Na7 {[%emt 00:00:32]}
31. Qxa5 {[%emt 00:00:06]} Qc8 {[%emt 00:01:27]} 32. Qc3 {[%emt 00:00:29]} Qe8
{[%emt 00:00:20]} 33. Bg3 {[%emt 00:00:10]} Nc8 {[%emt 00:00:32]} 34. Nxe6
{[%emt 00:00:24]} Re7 {[%emt 00:00:09]} 35. Nf4 {[%emt 00:00:06]} Qf7 {[%emt
00:00:11]} 36. Nd3 {[%emt 00:00:23]} Rxe2 {[%emt 00:00:07]} 37. Rxe2 {[%emt
00:00:03]} Bf5 {[%emt 00:00:04]} 38. Ne5 {[%emt 00:00:10]} Qb7 {[%emt
00:00:12]} 39. Nxc6 {[%emt 00:00:56]} Qa6 {[%emt 00:00:13]} 40. Re3 {[%emt
00:00:21]} Nb6 {[%emt 00:00:13]} 41. Ne7+ {[%emt 00:00:11]} Kg7 {[%emt
00:00:06]} 42. Nxf5+ {[%emt 00:00:23]} gxf5 43. Qc7+ {[%emt 00:00:10]} Kg8
{[%emt 00:00:17]} 44. Re7 {[%emt 00:00:22]} 1-0

[Event "ABC 2025 Groep C"]
[Site "Utrecht"]
[Date "2025.03.15"]
[Round "3.6"]
[White "Roersma, Dylan"]
[Black "Botter, Simon"]
[Result "0-1"]
[WhiteFideId "8962217"]
[BlackFideId "8969279"]
[WhiteElo "1839"]
[BlackElo "1769"]

1. e4 {[%clk 00:55:11]} {[%emt 00:00:10]} c5 {[%clk 00:55:12]} {[%emt
00:00:07]} 2. Nc3 {[%clk 00:54:45]} {[%emt 00:00:36]} Nc6 {[%emt 00:00:09]} 3.
f4 {[%clk 00:54:52]} g6 {[%clk 00:55:15]} {[%emt 00:00:12]} 4. Nf3 {[%clk
00:54:57]} {[%emt 00:00:04]} Bg7 {[%clk 00:55:07]} {[%emt 00:00:18]} 5. Bc4
{[%clk 00:54:38]} {[%emt 00:00:29]} e6 {[%clk 00:55:06]} {[%emt 00:00:11]} 6.
O-O {[%clk 00:54:13]} {[%emt 00:00:34]} Nge7 {[%clk 00:55:04]} {[%emt
00:00:12]} 7. Qe1 {[%clk 00:52:00]} {[%emt 00:02:24]} O-O {[%clk 00:54:08]}
{[%emt 00:01:05]} 8. a3 {[%clk 00:51:03]} {[%emt 00:01:08]} d5 {[%clk
00:52:39]} {[%emt 00:01:38]} 9. Ba2 {[%clk 00:50:01]} {[%emt 00:01:12]} dxe4
{[%clk 00:48:30]} {[%emt 00:04:19]} 10. Nxe4 {[%clk 00:49:00]} {[%emt
00:01:10]} b6 {[%clk 00:47:18]} {[%emt 00:01:23]} 11. d3 {[%clk 00:47:35]}
{[%emt 00:01:35]} Nf5 {[%clk 00:46:40]} {[%emt 00:00:49]} 12. Rb1 {[%clk
00:43:34]} {[%emt 00:04:11]} Ncd4 {[%clk 00:41:42]} {[%emt 00:05:07]} 13. Nxd4
{[%clk 00:40:46]} {[%emt 00:02:58]} Bxd4+ {[%clk 00:40:08]} {[%emt 00:01:45]}
14. Kh1 {[%clk 00:40:17]} {[%emt 00:00:38]} Bb7 {[%clk 00:38:55]} {[%emt
00:01:23]} 15. Bd2 {[%clk 00:39:21]} {[%emt 00:01:06]} Re8 {[%clk 00:35:39]}
{[%emt 00:03:27]} 16. Bc3 {[%clk 00:37:31]} {[%emt 00:02:00]} Nh4 {[%clk
00:32:25]} {[%emt 00:03:22]} 17. Bxd4 {[%clk 00:30:12]} {[%emt 00:07:30]} cxd4
{[%clk 00:32:26]} {[%emt 00:00:09]} 18. Rg1 {[%clk 00:28:02]} {[%emt 00:02:20]}
Nf5 {[%clk 00:30:00]} {[%emt 00:02:36]} 19. c3 {[%clk 00:21:33]} {[%emt
00:06:39]} dxc3 {[%clk 00:27:33]} {[%emt 00:02:38]} 20. Qxc3 {[%clk 00:20:27]}
{[%emt 00:01:16]} Nd4 {[%clk 00:26:44]} {[%emt 00:00:58]} 21. Qd2 {[%clk
00:17:35]} {[%emt 00:03:03]} Kg7 {[%clk 00:24:48]} {[%emt 00:02:05]} 22. Rbc1
{[%clk 00:15:29]} {[%emt 00:02:17]} Qd7 {[%clk 00:20:47]} {[%emt 00:04:10]} 23.
Qe3 {[%clk 00:09:41]} {[%emt 00:05:58]} Nf5 {[%clk 00:17:19]} {[%emt 00:03:38]}
24. Qe2 {[%clk 00:07:36]} {[%emt 00:02:15]} Red8 {[%clk 00:15:02]} {[%emt
00:02:28]} 25. Rcd1 {[%clk 00:05:50]} {[%emt 00:01:56]} Rac8 {[%clk 00:14:18]}
{[%emt 00:00:53]} 26. b4 {[%clk 00:05:18]} {[%emt 00:00:43]} Qd4 {[%clk
00:12:44]} {[%emt 00:01:43]} 27. Rge1 {[%clk 00:02:29]} {[%emt 00:02:59]} Rc7
{[%clk 00:11:37]} {[%emt 00:01:17]} 28. Bb3 {[%clk 00:02:08]} {[%emt 00:00:32]}
Bd5 {[%clk 00:10:04]} {[%emt 00:01:42]} 29. Bxd5 {[%clk 00:02:07]} {[%emt
00:00:12]} Rxd5 {[%clk 00:09:35]} {[%emt 00:00:39]} 30. g4 {[%clk 00:02:00]}
{[%emt 00:00:17]} Nd6 {[%clk 00:08:54]} {[%emt 00:00:51]} 31. g5 {[%clk
00:01:56]} {[%emt 00:00:14]} Ne8 {[%clk 00:04:23]} {[%emt 00:04:41]} 32. Qf3
{[%clk 00:02:04]} {[%emt 00:00:03]} Rc2 {[%clk 00:03:52]} {[%emt 00:00:40]} 33.
Qh3 {[%clk 00:02:04]} {[%emt 00:00:09]} Rd7 {[%clk 00:01:56]} {[%emt 00:02:06]}
34. Re3 {[%clk 00:01:46]} {[%emt 00:00:30]} Ra2 {[%clk 00:01:30]} {[%emt
00:00:35]} 35. Rde1 {[%clk 00:01:31]} {[%emt 00:00:26]} Rxa3 {[%clk 00:01:27]}
{[%emt 00:00:13]} 36. Qh6+ {[%clk 00:01:35]} {[%emt 00:00:06]} Kg8 {[%clk
00:01:34]} {[%emt 00:00:02]} 37. Rh3 {[%clk 00:01:39]} {[%emt 00:00:06]} Qg7
{[%clk 00:01:34]} {[%emt 00:00:10]} 38. Qh4 {[%clk 00:01:41]} {[%emt 00:00:08]}
Rdxd3 {[%clk 00:01:11]} {[%emt 00:00:33]} 39. Ng3 {[%clk 00:01:47]} {[%emt
00:00:05]} Ra1 {[%clk 00:01:09]} {[%emt 00:00:11]} 40. Rg1 {[%clk 00:01:12]}
{[%emt 00:00:45]} Rxg1+ {[%clk 00:01:16]} {[%emt 00:00:03]} 41. Kxg1 {[%clk
00:01:21]} Rd1+ {[%clk 00:01:05]} {[%emt 00:00:21]} 42. Nf1 {[%clk 00:01:04]}
{[%emt 00:00:27]} Rd4 {[%clk 00:00:53]} {[%emt 00:00:22]} 43. Rc3 {[%clk
00:00:40]} {[%emt 00:00:34]} Rxf4 {[%clk 00:00:39]} {[%emt 00:00:24]} 44. Qh3
{[%clk 00:00:35]} {[%emt 00:00:14]} Qd4+ {[%clk 00:00:42]} {[%emt 00:00:08]} 45.
Re3 {[%clk 00:00:16]} {[%emt 00:00:29]} Rg4+ {[%clk 00:00:42]} {[%emt
00:00:10]} 46. Kh1 {[%clk 00:00:17]} {[%emt 00:00:09]} Qd5+ {[%clk 00:00:47]}
{[%emt 00:00:05]} 47. Rf3 {[%clk 00:00:22]} {[%emt 00:00:05]} Rf4 {[%clk
00:00:51]} {[%emt 00:00:06]} 48. Kg2 {[%clk 00:00:21]} {[%emt 00:00:11]} Qxf3+
{[%clk 00:00:58]} {[%emt 00:00:03]} 49. Qxf3 {[%clk 00:00:29]} {[%emt
00:00:02]} Rxf3 {[%clk 00:01:07]} {[%emt 00:00:02]} 50. Kxf3 {[%clk 00:00:37]}
{[%emt 00:00:01]} Nd6 {[%clk 00:01:09]} {[%emt 00:00:07]} 51. Ne3 {[%clk
00:00:43]} {[%emt 00:00:05]} Kf8 {[%clk 00:01:14]} {[%emt 00:00:05]} 52. Kf4
{[%clk 00:00:49]} {[%emt 00:00:04]} Ke7 {[%clk 00:01:19]} {[%emt 00:00:05]} 53.
Ke5 {[%clk 00:00:56]} {[%emt 00:00:02]} b5 {[%clk 00:01:25]} {[%emt 00:00:05]}
54. Ng4 {[%clk 00:00:58]} {[%emt 00:00:08]} Nc4+ {[%clk 00:01:23]} {[%emt
00:00:12]} 55. Kd4 {[%clk 00:01:03]} {[%emt 00:00:05]} Kd6 {[%clk 00:01:27]}
{[%emt 00:00:06]} 56. Nf6 {[%clk 00:01:10]} {[%emt 00:00:04]} e5+ {[%clk
00:01:32]} {[%emt 00:00:04]} 57. Kd3 {[%clk 00:01:16]} {[%emt 00:00:04]} Ke6
{[%clk 00:01:33]} {[%emt 00:00:09]} 58. Nxh7 {[%clk 00:01:22]} {[%emt
00:00:04]} Kf5 {[%clk 00:01:22]} {[%emt 00:00:21]} 59. h3 {[%clk 00:00:50]}
{[%emt 00:00:42]} e4+ {[%clk 00:01:25]} {[%emt 00:00:08]} 60. Ke2 {[%clk
00:00:55]} {[%emt 00:00:05]} Ne5 {[%clk 00:01:23]} {[%emt 00:00:11]} 61. Ke3
{[%clk 00:00:44]} {[%emt 00:00:20]} Nf3 {[%clk 00:01:18]} {[%emt 00:00:15]} 62.
Nf8 {[%clk 00:00:36]} {[%emt 00:00:19]} Nxg5 {[%clk 00:01:21]} {[%emt
00:00:07]} 63. h4 {[%clk 00:00:39]} {[%emt 00:00:07]} Nf3 {[%clk 00:01:23]}
{[%emt 00:00:08]} 64. Nd7 {[%clk 00:00:45]} {[%emt 00:00:05]} Nxh4 {[%clk
00:01:26]} {[%emt 00:00:06]} 65. Nc5 {[%clk 00:00:52]} {[%emt 00:00:03]} Ng2+
{[%clk 00:01:24]} {[%emt 00:00:12]} 66. Kd4 {[%clk 00:00:54]} {[%emt 00:00:08]}
e3 {[%clk 00:01:26]} {[%emt 00:00:08]} 67. Kd3 {[%clk 00:00:49]} {[%emt
00:00:15]} Kf4 {[%clk 00:00:56]} {[%emt 00:00:39]} 68. Ke2 {[%clk 00:00:54]}
{[%emt 00:00:06]} f5 {[%clk 00:00:53]} {[%emt 00:00:13]} 69. Ne6+ {[%clk
00:00:51]} {[%emt 00:00:14]} Ke5 {[%clk 00:00:59]} {[%emt 00:00:02]} 70. Nc7
{[%clk 00:00:57]} {[%emt 00:00:05]} Ke4 {[%clk 00:00:53]} {[%emt 00:00:15]} 71.
Nxb5 {[%clk 00:01:02]} {[%emt 00:00:06]} Nf4+ {[%clk 00:01:01]} {[%emt
00:00:02]} 72. Kf1 {[%clk 00:00:59]} {[%emt 00:00:13]} e2+ {[%clk 00:01:03]}
{[%emt 00:00:08]} 73. Kf2 {[%clk 00:00:37]} {[%emt 00:00:32]} a6 {[%clk
00:01:04]} {[%emt 00:00:09]} 74. Na3 {[%clk 00:00:23]} {[%emt 00:00:24]} Nd3+
{[%clk 00:01:04]} {[%emt 00:00:09]} 75. Kxe2 {[%clk 00:00:30]} {[%emt
00:00:03]} Nxb4 {[%clk 00:01:13]} {[%emt 00:00:02]} 76. Nc4 {[%clk 00:00:34]}
{[%emt 00:00:06]} g5 {[%clk 00:01:17]} {[%emt 00:00:06]} 77. Kf2 {[%clk
00:00:42]} {[%emt 00:00:03]} Kf4 {[%clk 00:01:19]} {[%emt 00:00:07]} 78. Kg2
{[%clk 00:00:43]} {[%emt 00:00:09]} g4 {[%clk 00:01:26]} {[%emt 00:00:03]} 79.
Nd2 {[%clk 00:00:45]} {[%emt 00:00:08]} Nc2 {[%clk 00:01:32]} {[%emt 00:00:04]}
80. Kf2 {[%clk 00:00:43]} {[%emt 00:00:12]} g3+ {[%clk 00:01:39]} {[%emt
00:00:03]} 81. Kg2 {[%clk 00:00:51]} {[%emt 00:00:02]} Ne3+ {[%clk 00:01:46]}
{[%emt 00:00:04]} 82. Kg1 {[%clk 00:00:59]} {[%emt 00:00:01]} a5 {[%clk
00:01:52]} {[%emt 00:00:04]} 83. Nb1 {[%clk 00:00:47]} {[%emt 00:00:22]} Kg4
{[%clk 00:01:58]} {[%emt 00:00:05]} 84. Nc3 {[%clk 00:00:52]} {[%emt 00:00:04]}
f4 {[%clk 00:02:04]} {[%emt 00:00:03]} 85. Ne2 {[%clk 00:00:56]} {[%emt
00:00:06]} f3 {[%clk 00:02:11]} {[%emt 00:00:03]} 86. Nxg3 {[%clk 00:00:36]}
{[%emt 00:00:30]} Kxg3 {[%clk 00:02:18]} {[%emt 00:00:04]} 87. Kh1 {[%clk
00:00:45]} a4 {[%clk 00:02:26]} {[%emt 00:00:02]} 88. Kg1 {[%clk 00:00:54]}
{[%emt 00:00:01]} a3 {[%clk 00:02:35]} {[%emt 00:00:02]} 89. Kh1 {[%clk
00:01:03]} a2 {[%clk 00:02:43]} {[%emt 00:00:01]} 90. Kg1 {[%clk 00:01:11]}
a1=Q# {[%clk 00:02:41]} {[%emt 00:00:03]} 0-1

[Event "ABC 2025 Groep C"]
[Site "Utrecht"]
[Date "2025.03.15"]
[Round "3.7"]
[White "Kumar, Dhruv"]
[Black "Ma, Tim"]
[Result "*"]
[WhiteFideId "8824277"]
[BlackFideId "8933991"]
[WhiteElo "1768"]
[BlackElo "1821"]

1. e4 {[%clk 00:55:17]} c5 {[%clk 00:55:17]} {[%emt 00:00:04]} 2. b4 {[%clk
00:55:20]} {[%emt 00:00:07]} cxb4 {[%clk 00:54:47]} {[%emt 00:00:40]} 3. a3
{[%clk 00:55:24]} {[%emt 00:00:06]} bxa3 {[%clk 00:54:53]} {[%emt 00:00:03]} 4.
Bc4 {[%clk 00:55:30]} {[%emt 00:00:05]} e6 {[%clk 00:54:47]} {[%emt 00:00:16]}
5. d4 {[%clk 00:55:35]} {[%emt 00:00:05]} Nf6 {[%clk 00:54:30]} {[%emt
00:00:29]} 6. e5 {[%clk 00:55:35]} {[%emt 00:00:09]} Nd5 {[%clk 00:54:28]}
{[%emt 00:00:13]} 7. Bxd5 {[%clk 00:55:22]} {[%emt 00:00:22]} exd5 {[%clk
00:54:30]} {[%emt 00:00:07]} 8. Nc3 {[%clk 00:55:25]} {[%emt 00:00:07]} Bb4
{[%clk 00:54:16]} {[%emt 00:00:24]} 9. Bd2 {[%clk 00:55:26]} {[%emt 00:00:12]}
d6 {[%clk 00:50:04]} {[%emt 00:04:20]} 10. Nxd5 {[%clk 00:55:01]} {[%emt
00:00:35]} Bxd2+ {[%clk 00:50:04]} {[%emt 00:00:09]} 11. Qxd2 {[%clk 00:55:06]}
{[%emt 00:00:05]} dxe5 {[%clk 00:49:42]} {[%emt 00:00:32]} 12. dxe5 {[%clk
00:55:11]} {[%emt 00:00:05]} O-O {[%clk 00:49:34]} {[%emt 00:00:20]} 13. Nf3
{[%clk 00:54:33]} {[%emt 00:00:47]} Bg4 {[%clk 00:48:45]} {[%emt 00:00:58]} 14.
Rxa3 {[%clk 00:52:58]} {[%emt 00:01:45]} Nc6 {[%clk 00:43:07]} {[%emt
00:05:48]} 15. O-O {[%clk 00:52:19]} {[%emt 00:00:50]} Bxf3 {[%clk 00:42:15]}
{[%emt 00:01:02]} 16. Rxf3 {[%clk 00:52:21]} {[%emt 00:00:07]} Nxe5 {[%clk
00:42:06]} {[%emt 00:00:19]} 17. Rh3 {[%clk 00:51:43]} {[%emt 00:00:47]} Qd6
{[%clk 00:34:16]} {[%emt 00:07:59]} 18. f4 {[%clk 00:48:35]} {[%emt 00:03:21]}
Nc6 {[%clk 00:30:44]} {[%emt 00:03:40]} 19. Qd3 {[%clk 00:47:51]} {[%emt
00:00:56]} f5 {[%clk 00:26:25]} {[%emt 00:04:28]} 20. Qb3 {[%clk 00:46:19]}
{[%emt 00:01:43]} Kh8 {[%clk 00:25:41]} {[%emt 00:00:53]} 21. Rd3 {[%clk
00:45:27]} {[%emt 00:01:03]} Qc5+ {[%clk 00:25:29]} {[%emt 00:00:22]} 22. Kh1
{[%clk 00:45:16]} {[%emt 00:00:20]} Rad8 {[%clk 00:24:32]} {[%emt 00:01:08]} 23.
Nc7 {[%clk 00:38:25]} {[%emt 00:07:00]} Rxd3 {[%clk 00:24:01]} {[%emt
00:00:42]} 24. Qxd3 {[%clk 00:37:25]} {[%emt 00:01:10]} Nb4 {[%clk 00:21:58]}
{[%emt 00:02:12]} 25. Qa3 {[%clk 00:37:14]} {[%emt 00:00:20]} Qxc7 {[%clk
00:21:54]} {[%emt 00:00:16]} 26. Qxb4 {[%clk 00:37:20]} {[%emt 00:00:04]} Rc8
{[%clk 00:21:38]} {[%emt 00:00:25]} 27. h3 {[%clk 00:36:18]} {[%emt 00:01:12]}
h6 {[%clk 00:20:38]} {[%emt 00:01:10]} 28. Ra1 {[%clk 00:34:59]} {[%emt
00:01:30]} a6 {[%clk 00:18:22]} {[%emt 00:02:26]} 29. Ra4 {[%clk 00:28:26]}
{[%emt 00:06:43]} Qd7 {[%clk 00:14:59]} {[%emt 00:03:33]} 30. Qb3 {[%clk
00:26:44]} {[%emt 00:01:52]} Rc5 {[%clk 00:13:39]} {[%emt 00:01:30]} 31. Rc4
{[%clk 00:23:56]} {[%emt 00:02:58]} Rb5 {[%clk 00:12:33]} {[%emt 00:01:16]} 32.
Rb4 {[%clk 00:22:49]} {[%emt 00:01:17]} Rxb4 {[%clk 00:12:15]} {[%emt
00:00:28]} 33. Qxb4 {[%clk 00:22:53]} {[%emt 00:00:05]} b5 {[%clk 00:12:17]}
{[%emt 00:00:08]} 34. c3 {[%clk 00:22:50]} {[%emt 00:00:14]} Kh7 {[%clk
00:11:58]} {[%emt 00:00:29]} 35. Qa5 {[%clk 00:21:31]} {[%emt 00:01:29]} Qd6
{[%clk 00:11:00]} {[%emt 00:01:08]} 36. Kg1 {[%clk 00:19:42]} {[%emt 00:01:59]}
Qc5+ {[%clk 00:09:56]} {[%emt 00:01:14]} 37. Kh1 {[%clk 00:19:18]} {[%emt
00:00:32]} Qd6 {[%clk 00:10:00]} {[%emt 00:00:08]} 38. Kg1 {[%clk 00:19:19]}
{[%emt 00:00:08]} Kg6 {[%clk 00:10:01]} {[%emt 00:00:09]} 39. Kh1 {[%clk
00:18:43]} {[%emt 00:00:46]} Kf6 {[%clk 00:09:41]} {[%emt 00:00:30]} 40. Qa1
{[%clk 00:18:10]} {[%emt 00:00:44]} Kf7 {[%clk 00:09:15]} {[%emt 00:00:36]} 41.
Qb1 {[%clk 00:17:12]} {[%emt 00:01:04]} g6 {[%clk 00:08:57]} {[%emt 00:00:32]}
42. Qa2+ {[%clk 00:16:15]} {[%emt 00:01:07]} Qe6 {[%clk 00:08:56]} {[%emt
00:00:11]} 43. Qa1 {[%clk 00:16:20]} {[%emt 00:00:05]} Ke7 {[%clk 00:08:23]}
{[%emt 00:00:42]} 44. Qa5 {[%clk 00:15:52]} {[%emt 00:00:38]} Kd7 {[%clk
00:08:12]} {[%emt 00:00:21]} 45. Qa3 {[%clk 00:15:10]} {[%emt 00:00:52]} h5
{[%clk 00:07:58]} {[%emt 00:00:25]} 46. Qb4 {[%clk 00:14:47]} {[%emt 00:00:33]}
Kc6 {[%clk 00:07:33]} {[%emt 00:00:35]} 47. Qd4 {[%clk 00:13:55]} {[%emt
00:01:02]} Kb7 {[%clk 00:07:23]} {[%emt 00:00:20]} 48. Qg7+ {[%clk 00:13:51]}
{[%emt 00:00:14]} Kb6 {[%clk 00:06:59]} {[%emt 00:00:33]} 49. Qd4+ {[%clk
00:13:52]} {[%emt 00:00:09]} Kc6 {[%clk 00:06:55]} {[%emt 00:00:14]} 50. Qa7
{[%clk 00:13:19]} {[%emt 00:00:44]} Kd5 {[%clk 00:06:49]} {[%emt 00:00:15]} 51.
Qd4+ {[%clk 00:13:22]} {[%emt 00:00:08]} Kc6 {[%clk 00:06:17]} {[%emt
00:00:42]} 52. Qa7 {[%clk 00:13:22]} {[%emt 00:00:10]} *